000 01020nam0a22002771 4500
001 rc\407689
005 20030616165943.6
035 _a(NLR Aleph) 005655890
090 _a6821253
_c6821253
100 _a20030616d1988 u |0rusy50 ca
101 0 _arus
102 _aRU
105 _aa |||||||||
200 1 _aАлгебра
_eУчеб. для 8-го кл. сред. шк.
_f[Ю.Н. Макарычев, Н.Г. Миндюк, В.М. Монахов и др.]
_gПод ред. С.А. Теляковского
205 _a7-е изд.
210 _aМ.
_cПросвещение
_d1988
215 _a255, [1] c.
_cил.
_d22
300 _aАвт. указаны на обороте тит. л.
320 _aПредм. указ.: с. 238
701 1 _aМакарычев
_bЮ. Н.
_gЮрий Николаевич
702 1 _aТеляковский
_bС. А.
_gСергей Александрович
_4340
801 0 _aRU
_bNLR
_gpsbo
801 1 _aRU
_bELAR
_2rusmarc
852 _aNLR
_j88-5/358
942 _cBOOK
980 _aNB